La responsabilidad civil de los aparejadores y arquitectos tčnicos

Bibliographic Details
Main Author: Puche Ramos, Aurelio
Format: eBook
Language:Spanish
Published: Barcelona: J.M. Bosch Editor, 2019
Subjects:
Online Access:Acceso restringido

MARC

LEADER 00000nam a22000007a 4500
005 20200302225652.0
007 cr|||| ||||
008 200302c2019 es |||||s|||| 00||0 spa d
020 |a 978-84-121158-4-0 
035 |a 31116 
040 |a vlex 
090 |c 10146  |d 10146 
100 1 |a Puche Ramos, Aurelio 
245 1 2 |a La responsabilidad civil de los aparejadores y arquitectos tčnicos  |h [Recurso electrn̤ico] /  |c Aurelio Puche Ramos 
256 |a Servicio en ln̕ea 
260 |a Barcelona:  |b J.M. Bosch Editor,  |c 2019 
300 |a 1 recurso electrn̤ico 
500 |a Este libro constituye, sin duda alguna, el n︢ico en toda la bibliografa̕ espaǫla que, con carc̀ter monogrf̀ico, analiza con exhaustividad el estudio de la responsabilidad civil de los aparejadores y arquitectos tčnicos. Por la forma en que su autor aborda esta cuestin̤, puede considerarse un tratado sobre la responsabilidad de estos agentes en su generalidad, incluso una gua̕ de consulta para resolver, caso por caso, todos los posibles supuestos que se puedan dar en la prc̀tica diaria. De muy fc̀il consulta y manejo para el lector, su autor en cada supuesto analizado plantea de forma ordenada la opinin̤ de la doctrina cientf̕ica, de la jurisprudencia del Tribunal Supremo y de las Audiencias Provinciales, distinguiendo en todos ellos el criterio mayoritario y minoritario, con remisin̤ a autores y cita de sentencias de interš. Su contenido comprende, tras analizar la responsabilidad civil de las sociedades profesionales y del principio de responsabilidad individualizada, personal y privativa, el estudio de las atribuciones y competencias de dichos tčnicos como proyectista, director de obra y de ejecucin̤, por aplicacin̤ conjunta de la LOE y del CTE para, seguidamente, efectuar un amplio anl̀isis de su responsabilidad por vicios o defectos constructivos y, finalmente, investigar otros supuestos distintos, como son la derivada de daǫs a los inmuebles colindantes, del replanteo de la obra, en relacin̤ con las certificaciones de obra y como consecuencia de accidentes de construccin̤. 
506 1 |a Disponible solo en los productos indicados  |d vLex Global  |d vLex Global (Academic Edition, excluding Law Schools)  |d vLex Global (U.S. Academic Edition, Law Schools)  |d vLex Global (U.S. Academic Edition, excluding Law Schools)  |d vLex Global (Academic Edition, Law Schools) 
650 0 4 |a Derecho Civil  |z Espaą 
650 0 4 |a Derecho Mercantil y de la Empresa  |z Espaą 
740 0 |a vLex Libros (Servicio en ln̕ea) 
856 4 0 |u http://vlex.com/source/responsabilidad-civil-de-los-aparejadores-y-arquitectos-tecnicos-31116  |z Acceso restringido 
942 |c BOOK 
999 0 |a Civil Law 
999 0 |a Commercial and Business Law